000 00781nam a2200265 a 4500
001 BRCA_8063
005 20190320210121.0
008 010414s1854----be-a###f##---#001-0#fre-#
041 _afre
044 _abe
050 4 _aNK7108
_b.K56
_c1854
100 1 _aKing, Thomas H.
_919438
245 1 0 _aOrfevrerie et ouvrages en metal du moyen age
_cThomas H. King.
260 _aBélgica
_bVanhee-Wante
_c1854
300 _a1 v.
_bil., 200 láminas
_c48 cm.
500 _aY102
500 _aVer también Y77
505 0 _aRepresentes en plans, elevations, coupes et details
650 1 4 _aOrfebrería
_xHistoria
_920034
650 1 4 _aPlatería
_xHistoria
_92975
650 1 4 _aArte medieval
_911014
650 1 4 _aArte y simbolismo cristianos
_94853
902 _aGFM
942 _2lcc
_cB
999 _c7731
_d7731